Govt. of
Madhya Pradesh

Educating Storytelling (Record no. 64970)

MARC details
000 -LEADER
fixed length control field 00270nam a2200109Ia 4500
008 - FIXED-LENGTH DATA ELEMENTS--GENERAL INFORMATION
fixed length control field 221009s9999 xx 000 0 und d
082 ## - DEWEY DECIMAL CLASSIFICATION NUMBER
Classification number 741.642/CAT
100 ## - MAIN ENTRY--PERSONAL NAME
Personal name Cather,K.D.
9 (RLIN) 81335
245 #0 - TITLE STATEMENT
Title Educating Storytelling
260 ## - PUBLICATION, DISTRIBUTION, ETC. (IMPRINT)
Name of publisher, distributor, etc. Better Books Publication
942 ## - ADDED ENTRY ELEMENTS (KOHA)
Koha item type Books
Holdings
Withdrawn status Lost status Damaged status Not for loan Home library Current library Shelving location Date acquired Total Checkouts Barcode Date last seen Price effective from Koha item type
        MACL MACL General Stacks 11/10/2022   CRE040030 02/05/2024 11/10/2022 Books